书目信息 |
| 题名: |
刑法评论
|
|
| 作者: | 赵秉志主编 | |
| 分册: | 2011年第1卷(总第19卷) | |
| 出版信息: | 北京 法律出版社 2011 |
|
| 页数: | 398页 | |
| 开本: | 23cm | |
| 丛书名: | ||
| 单 册: | ||
| 中图分类: | D914.04-55 | |
| 科图分类: | ||
| 主题词: | 法学--部门 | |
| 电子资源: | ||
| ISBN: | 978-7-5118-2467-7 | |
| 000 | 00569nam0 2200205 450 | |
| 001 | 1142272613 | |
| 005 | 20111201114642.14 | |
| 010 | @a978-7-5118-2467-7@dCNY48.00 | |
| 096 | @aD914@bzbz | |
| 100 | @a20111020d2011 em y0chiy50 ea | |
| 101 | 0 | @achi |
| 102 | @aCN@b110000 | |
| 105 | @ay z 000yy | |
| 200 | 1 | @a刑法评论@h2011年第1卷(总第19卷)@b专著@f赵秉志主编 |
| 210 | @a北京@c法律出版社@d2011 | |
| 215 | @a398页@d23cm | |
| 606 | 0 | @a法学@x部门 |
| 690 | @aD914.04-55@v4 | |
| 801 | 0 | @aCN@b大连网信软件有限公司图书馆·11@c20111201 |
| 905 | @aZUCC@dD914.04-55@eZ299 | |
| 刑法评论.2011年第1卷(总第19卷)/赵秉志主编.-北京:法律出版社,2011 |
| 398页;23cm |
| ISBN 978-7-5118-2467-7:CNY48.00 |
| ● |
| 相关链接 |
|
|
|
正题名:刑法评论
索取号:D914.04-55/Z299
 
预约/预借
| 序号 | 登录号 | 条形码 | 馆藏地/架位号 | 状态 | 备注 |
| 1 | 826623 | 208266231 | 社科库509/509社科库 82排3列1层/ [索取号:D914.04-55/Z299] | 在馆 | |
| 2 | 826624 | 208266240 | 社科库509/509社科库 82排3列1层/ [索取号:D914.04-55/Z299] | 在馆 | |
| 3 | 826625 | 208266259 | 社科库509/509社科库 82排3列1层/ [索取号:D914.04-55/Z299] | 在馆 |